[Event "10th It"]
[Site "Lippstadt GER"]
[Date "2000.07.12"]
[Round "7"]
[White "Brenke,A"]
[Black "McShane,L"]
[Result "1/2-1/2"]
[WhiteElo "2357"]
[BlackElo "2480"]

1.e4 c5 2.Nf3 Nc6 3.Bb5 g6 4.O-O Bg7 5.Bxc6 dxc6 6.d3 e5 7.Nbd2 Qe7 8.a3 a5
9.Nc4 Ra6 10.Bd2 a4 11.Ncxe5 b5 12.h3 Nf6 13.Qc1 h5 14.Bg5 Qe6 15.Bf4 Nh7
16.d4 g5 17.Bg3 g4 18.hxg4  1/2-1/2

[Event "10th It"]
[Site "Lippstadt GER"]
[Date "2000.07.13"]
[Round "8"]
[White "McShane,L"]
[Black "Wehmeier,S"]
[Result "0-1"]
[WhiteElo "2480"]
[BlackElo "2390"]

1.e4 c5 2.Nf3 d6 3.d4 cxd4 4.Nxd4 e5 5.Bb5+ Nd7 6.Nf5 a6 7.Bxd7+ Qxd7 8.Nc3 Qc6
9.Ne3 Be6 10.Qd3 Ne7 11.O-O g6 12.Ned5 Bxd5 13.Nxd5 Nxd5 14.exd5 Qc7 15.f4 f5
16.fxe5 dxe5 17.Kh1 Bd6 18.Bh6 Rc8 19.Qh3 Qe7 20.Rac1 Rc4 21.g3 Qc7 22.Qg2 Kd7
23.c3 Rc8 24.Bd2 Ra4 25.Ra1 h5 26.b3 Rg4 27.h3 Re4 28.a4 Qc5 29.c4 Qd4 30.a5 Qb2
31.Rab1 Qc2 32.Rfc1 Qd3 33.Rb2 Ba3 34.Rc3 Qd4 35.Ra2 Bc5 36.Rc1 Qd3 37.Rc3 Qb1+
38.Bc1 Re1+ 39.Kh2 Bg1+  0-1

[Event "10th It"]
[Site "Lippstadt GER"]
[Date "2000.07.14"]
[Round "9"]
[White "Luther,T"]
[Black "McShane,L"]
[Result "1/2-1/2"]
[WhiteElo "2547"]
[BlackElo "2480"]

1.e4 c5 2.Nf3 Nc6 3.d4 cxd4 4.Nxd4 Nf6 5.Nc3 e5 6.Ndb5 d6 7.Bg5 a6 8.Na3 b5
9.Bxf6 gxf6 10.Nd5 f5 11.Bxb5 axb5 12.Nxb5 Ra4 13.b4 Qh4 14.O-O Rg8 15.c3 f4
16.Qxa4 Rxg2+ 17.Kxg2 Qg4+  1/2-1/2

[Event "Politiken Cup"]
[Site "Copenhagen DEN"]
[Date "2000.07.19"]
[Round "3"]
[White "McShane,L"]
[Black "Simonsen,O"]
[Result "1-0"]
[WhiteElo "2480"]
[BlackElo "2183"]

1.e4 e5 2.Nf3 Nc6 3.Bb5 f5 4.Nc3 fxe4 5.Nxe4 d5 6.Nxe5 dxe4 7.Nxc6 Qg5 8.Qe2 Nf6
9.f4 Qxf4 10.Ne5+ c6 11.d4 Qh4+ 12.g3 Qh3 13.Bc4 Be6 14.Bf4 Bd6 15.O-O-O O-O-O
16.Kb1 Rhf8 17.Rhf1 g5 18.Bxg5 Bxe5 19.dxe5 Rxd1+ 20.Rxd1 Bg4 21.Qf1 Qh5
22.Be6+ Bxe6 23.Bxf6 Qxh2 24.Rd6 Bg4 25.b3 Qxg3 26.Qc4 Qg1+ 27.Kb2 Bf3 28.Qe6+ Kb8
29.Rd7 Rc8 30.Qd6+ Ka8 31.Qe7  1-0

[Event "Politiken Cup"]
[Site "Copenhagen DEN"]
[Date "2000.07.20"]
[Round "4"]
[White "McShane,L"]
[Black "Gulko,B"]
[Result "1/2-1/2"]
[WhiteElo "2480"]
[BlackElo "2643"]

1.e4 c5 2.Nf3 Nc6 3.d4 cxd4 4.Nxd4 Nf6 5.Nc3 d6 6.Bg5 e6 7.Qd2 Be7 8.O-O-O O-O
9.f4 h6 10.Bh4 Nxd4 11.Qxd4 Qa5 12.Bc4 e5 13.fxe5 dxe5 14.Qd3 Bg4  1/2-1/2

[Event "Politiken Cup"]
[Site "Copenhagen DEN"]
[Date "2000.07.21"]
[Round "5"]
[White "Baburin,A"]
[Black "McShane,L"]
[Result "1/2-1/2"]
[WhiteElo "2590"]
[BlackElo "2480"]

1.d4 Nf6 2.c4 g6 3.Nf3 Bg7 4.g3 O-O 5.Bg2 d6 6.O-O Nc6 7.Nc3 Rb8 8.d5 Na5
9.Nd2 Nd7 10.Qc2 Ne5 11.b3 c6 12.Bb2 b5 13.cxb5 cxb5 14.h3 b4 15.Nce4 e6
16.dxe6 f5 17.f4 fxe4 18.Nxe4 d5 19.Nc5 Nec6 20.Bxg7 Kxg7 21.Rad1 d4 22.f5 gxf5
23.Rxf5 Rxf5 24.Qxf5 Qf6 25.Qe4 d3 26.Rxd3 Rb5  1/2-1/2

[Event "Politiken Cup"]
[Site "Copenhagen DEN"]
[Date "2000.07.22"]
[Round "6"]
[White "Brinck Claussen,B"]
[Black "McShane,L"]
[Result "0-1"]
[WhiteElo "2359"]
[BlackElo "2480"]

1.e4 c5 2.Nf3 Nc6 3.d4 cxd4 4.Nxd4 Nf6 5.Nc3 e5 6.Ndb5 d6 7.Bg5 a6 8.Na3 b5
9.Nd5 Be7 10.Bxf6 Bxf6 11.c3 Bb7 12.Nc2 Nb8 13.a4 bxa4 14.Rxa4 O-O 15.Nce3 Nd7
16.b4 Bg5 17.Nc4 Nf6 18.Nxf6+ Qxf6 19.Bd3 d5 20.exd5 e4 21.Be2 Qxc3+ 22.Kf1 Rfd8
23.d6 Bc6  0-1

[Event "Politiken Cup"]
[Site "Copenhagen DEN"]
[Date "2000.07.25"]
[Round "8"]
[White "Psakhis,L"]
[Black "McShane,L"]
[Result "1/2-1/2"]
[WhiteElo "2611"]
[BlackElo "2480"]

1.d4 Nf6 2.c4 g6 3.Nc3 Bg7 4.e4 d6 5.h3 O-O 6.Bg5 Na6 7.Bd3 e5 8.d5 c6 9.Nge2 Nc5
10.Bc2 cxd5 11.cxd5 a5 12.O-O Bd7 13.a3 a4 14.Kh1 Ra5 15.Rb1 Qc8 16.Kh2 Qb8
17.f3 Rc8 18.Be3 Be8 19.g4 Qa8 20.h4 Nfd7 21.h5 Nb6 22.hxg6 fxg6 23.Qe1 Bf6
24.g5 Bd8 25.f4 Nc4 26.Bc1 exf4 27.Bxf4 Rc7 28.Nd4 Rf7 29.Nf5 gxf5 30.exf5 Ne5
31.Bxe5 dxe5 32.f6 Qc8 33.Qh4 e4 34.Kg2 Bd7 35.Nxe4 Nxe4 36.Bxe4 Qc5 37.Rh1 Bf5
38.Rbd1 Bxe4+ 39.Qxe4 Qb5 40.Rd2 Qd7 41.g6 Rxf6 42.Rxh7 Qd6 43.Rh8+ Kg7 44.Rh7+ Kg8
45.Rh8+  1/2-1/2

[Event "Politiken Cup"]
[Site "Copenhagen DEN"]
[Date "2000.07.26"]
[Round "9"]
[White "McShane,L"]
[Black "Hansen,LB"]
[Result "1/2-1/2"]
[WhiteElo "2480"]
[BlackElo "2562"]

1.e4 e5 2.Nf3 Nc6 3.Bb5 a6 4.Ba4 Nf6 5.O-O Be7 6.Re1 b5 7.Bb3 d6 8.c3 O-O
9.d4 Bg4 10.d5 Na5 11.Bc2 Qc8 12.h3 Bd7 13.Nbd2 c6 14.b4 Nb7 15.dxc6 Qxc6
16.Bb2 Nd8 17.Rc1 Ne6  1/2-1/2

[Event "Politiken Cup"]
[Site "Copenhagen DEN"]
[Date "2000.07.27"]
[Round "10"]
[White "Mikhalevski,V"]
[Black "McShane,L"]
[Result "1/2-1/2"]
[WhiteElo "2532"]
[BlackElo "2480"]

1.d4 Nf6 2.c4 g6 3.Nc3 Bg7 4.e4 d6 5.Be2 O-O 6.Nf3 e5 7.O-O Nc6 8.d5 Ne7
9.b4 c6 10.dxc6 bxc6 11.b5 cxb5 12.Nxb5 Nxe4 13.Ng5 Nxg5 14.Bxg5 h6 15.Bf3 e4
16.Bxe4 hxg5 17.Bxa8 Bxa1 18.Qxa1 Be6 19.Bd5 Bxd5 20.cxd5 Nxd5 21.Rd1 Nf4
22.Nxd6 Qe7 23.g3  1/2-1/2

[Event "ch-GBR"]
[Site "Millfield ENG"]
[Date "2000.07.31"]
[Round "1"]
[White "Wise,D"]
[Black "McShane,L"]
[Result "0-1"]
[WhiteElo "2173"]
[BlackElo "2480"]

1.e4 c5 2.Nf3 Nc6 3.d4 cxd4 4.Nxd4 Nf6 5.Nc3 e5 6.Ndb5 d6 7.Nd5 Nxd5 8.exd5 Nb8
9.Qf3 a6 10.Qa3 b6 11.c4 Be7 12.Be2 O-O 13.O-O f5 14.f4 Bb7 15.Nc3 Nd7 16.Be3 a5
17.Qb3 exf4 18.Bxf4 Bc8 19.Nb5 Nc5 20.Qc2 Bd7 21.Nd4 Bg5 22.Rad1 Qf6 23.Bxg5 Qxg5
24.Bf3 Rac8 25.Rfe1 Rf6 26.Qd2 Qxd2 27.Rxd2 Kf8 28.b3 g5 29.Bd1 Re8 30.Rxe8+ Kxe8
31.Re2+ Kd8 32.Bc2 h5 33.a3 f4 34.b4 Na6 35.b5 Nc5 36.Kf2 Rf7 37.Nc6+ Kc8
38.Bg6 Rg7 39.Bxh5 Rh7 40.Be8 Bg4 41.Ra2 Rxh2 42.Kg1 Rh6 43.Bg6 Kc7 44.Bb1 Rh8
45.Nd4 Re8 46.Bf5 Bxf5 47.Nxf5 Re1+ 48.Kf2 Nd3+ 49.Kf3 Ne5+ 50.Kf2 Re4 51.Rd2 g4
52.Rd4 Rxd4 53.Nxd4 Nxc4 54.Ne6+ Kd7 55.a4 Ke7 56.Nxf4 Kf6 57.Nd3 Kf5 58.Kg3 Ne3
59.Nb2 Ke4 60.Kf2 Kd4  0-1

[Event "ch-GBR"]
[Site "Millfield ENG"]
[Date "2000.08.01"]
[Round "2"]
[White "McShane,L"]
[Black "Rayner,F"]
[Result "1-0"]
[WhiteElo "2480"]
[BlackElo "2256"]

1.e4 e5 2.Nf3 d6 3.d4 exd4 4.Nxd4 g6 5.Nc3 Bg7 6.Bc4 Nc6 7.Nxc6 bxc6 8.Qf3 Qf6
9.Qg3 Qd4 10.Bb3 Nf6 11.Be3 Qb4 12.O-O-O O-O 13.Bd4 Be6 14.Qh4 Nh5 15.Bxg7 Nxg7
16.f4 Rab8 17.g4 a5 18.Rhe1 a4 19.Nxa4 c5 20.f5 c4 21.fxe6 Nxe6 22.c3 Qb5
23.Bc2 Nc5 24.Rd5 c6 25.Rh5 gxh5 26.Qg5+ Kh8 27.Qf6+ Kg8 28.Qg5+ Kh8 29.Qf6+ Kg8
30.gxh5 Rfe8 31.Rg1+ Kf8 32.Qxd6+ Re7 33.Qh6+ Ke8 34.Rg8+ Kd7 35.Nxc5+ Qxc5
36.Rxb8 Qg1+ 37.Bd1 Rxe4 38.Qd2+ Ke7 39.Rb7+ Kf6 40.Qh6+  1-0

[Event "ch-GBR"]
[Site "Millfield ENG"]
[Date "2000.08.02"]
[Round "3"]
[White "Crouch,C"]
[Black "McShane,L"]
[Result "0-1"]
[WhiteElo "2448"]
[BlackElo "2480"]

1.d4 Nf6 2.c4 g6 3.Nc3 Bg7 4.e4 d6 5.Nf3 O-O 6.Be2 e5 7.O-O Nc6 8.d5 Ne7
9.b4 c6 10.a4 a5 11.bxa5 c5 12.Nd2 Nd7 13.Nb5 Ra6 14.Nb3 f5 15.exf5 gxf5
16.Rb1 Ng6 17.Re1 Rf7 18.Bh5 Nf6 19.Bxg6 hxg6 20.f4 Ne4 21.fxe5 Bxe5 22.g3 Qf6
23.Qe2 Bd7 24.Bb2 Ra8 25.Bxe5 dxe5 26.Nd2 Nxd2 27.Qxd2 f4 28.Rb2 Bh3 29.Nc3 fxg3
30.hxg3 Raf8 31.Ne4 Qh8 32.Rbb1 Bg4 33.Qg5 Bf5 34.g4 Rh7 35.Ng3 Bxb1 36.Rxb1 Qf6
37.Qxf6 Rxf6 38.Rb5 Rh4 39.Rxb7 Rxg4 40.Kg2 Rxc4 41.Re7 Rxa4 42.Rxe5 Kf8
43.Ne4 Rf5 44.Nxc5 Rxe5 45.Nd7+ Kg7  0-1

[Event "ch-GBR"]
[Site "Millfield ENG"]
[Date "2000.08.03"]
[Round "4"]
[White "McShane,L"]
[Black "Gormally,D"]
[Result "1/2-1/2"]
[WhiteElo "2480"]
[BlackElo "2499"]

1.e4 c5 2.Nf3 d6 3.Bc4 Nf6 4.d3 g6 5.O-O Bg7 6.c3 O-O 7.Bb3 Nc6 8.h3 b5 9.d4 e5
10.a4 Na5 11.dxe5 dxe5 12.axb5 Nxb3 13.Qxb3 Nxe4 14.Qc4 Bb7 15.Re1 Nd6 16.Qxc5 Rc8
17.Qb4 Bxf3 18.gxf3 Rc4 19.Qb3 Qd7 20.Kg2 Rh4 21.Rh1 e4 22.Nd2 exf3+ 23.Nxf3 Rg4+
24.Kf1 Qb7 25.hxg4 Qxf3 26.Rg1 Re8 27.Qc2 f5 28.Ra4 Ne4 29.gxf5 Qh3+ 30.Rg2 Qh1+
31.Rg1 Qh3+ 32.Rg2 Qh1+ 33.Rg1  1/2-1/2

[Event "ch-GBR"]
[Site "Millfield ENG"]
[Date "2000.08.04"]
[Round "5"]
[White "Emms,J"]
[Black "McShane,L"]
[Result "1/2-1/2"]
[WhiteElo "2527"]
[BlackElo "2480"]

1.e4 c5 2.Nf3 Nc6 3.d4 cxd4 4.Nxd4 Nf6 5.Nc3 e5 6.Ndb5 d6 7.Bg5 a6 8.Na3 b5
9.Nd5 Be7 10.Bxf6 Bxf6 11.c3 Bb7 12.Nc2 Nb8 13.Nce3 Nd7 14.g3 O-O 15.h4 g6
16.Bh3 Bg7 17.h5 Nf6 18.hxg6 hxg6 19.Qd3 Bh6 20.Bg2 Bg5 21.Rd1 Bxd5 22.Nxd5 Rc8
23.a3 Nxd5 24.Qxd5 Rc5 25.Qb3 Qb6 26.O-O Kg7 27.Rd3 Rd8 28.Rfd1 Qc6 29.Bf3 Be7
30.Rd5 Rb8 31.Kg2 Rxd5 32.Rxd5 Bd8 33.Qd1 Bc7 34.Qd2 Rh8 35.Bg4  1/2-1/2

[Event "ch-GBR"]
[Site "Millfield ENG"]
[Date "2000.08.05"]
[Round "6"]
[White "McShane,L"]
[Black "Summerscale,A"]
[Result "1/2-1/2"]
[WhiteElo "2480"]
[BlackElo "2459"]

1.e4 e6 2.d4 d5 3.Nd2 c5 4.Ngf3 Nf6 5.exd5 exd5 6.Bb5+ Bd7 7.Bxd7+ Nbxd7
8.O-O Be7 9.dxc5 Nxc5 10.Nd4 Qd7 11.N2f3 O-O 12.Ne5 Qc8 13.Qf3 Re8 14.Nf5 Nce4
15.c3 Bf8 16.Nd3 b5 17.Be3 a5 18.Rfe1 b4 19.Bd4 Ra6 20.Qf4 bxc3 21.bxc3 Nxc3
22.Rxe8 Nxe8 23.Re1 Re6 24.Ne5 f6 25.Qg4 g6 26.Bxc3 fxe5 27.Rxe5 Rc6 28.Be1 Nd6
29.Qd4 Nxf5 30.Qxd5+ Kh8 31.Qxa5 Bg7 32.Re4 h6 33.g3 Kh7 34.Qd2 Rc2 35.Qd5 Qc6
36.Qxc6 Rxc6 37.a4 Rc2 38.a5 Ra2 39.h4 Nd4 40.Kg2 Nc6 41.Re6 Ra1 42.Rxc6 Rxe1
43.a6 Ra1 44.Kf3 Ra4 45.Kg2 h5 46.Re6 Ba1 47.Re7+ Kh6 48.a7 Ra2 49.Rd7 Bc3
50.Kh3 Bb4 51.Rc7 Bd6 52.Rc6 Be7 53.Rc7 Bf6 54.Rd7 Bc3 55.f3 Be5 56.f4 Ba1
57.Rd5 Rxa7 58.f5 gxf5 59.Rxf5 Ra2 60.g4 Ra3+ 61.Kg2 hxg4 62.Rg5 Bf6 63.Rxg4 Kh5
64.Rg3 Ra4 65.Kf3 Bxh4 66.Rg8 Bg5 67.Rh8+ Kg6 68.Rf8 Bf6 69.Rg8+ Kf5 70.Re8 Rf4+
71.Ke3 Rh4 72.Kd3 Be5 73.Rf8+ Ke6 74.Re8+ Kd5 75.Rd8+ Bd6 76.Re8 Rg4 77.Rd8 Rg3+
78.Kd2 Ke5 79.Rd7 Bb4+ 80.Kc2 Ke4 81.Rd8 Bc5 82.Re8+ Kd4 83.Rd8+ Kc4 84.Rd2 Bd4
85.Re2 Ra3 86.Rd2 Re3 87.Kd1 Re5 88.Rc2+ Kb3 89.Kd2 Bc5 90.Rc3+ Kb4 91.Rd3 Rf5
92.Kc2 Rf4 93.Rb3+ Kc4 94.Rc3+ Kd5 95.Rd3+ Bd4 96.Rd2 Kc4 97.Re2 Rf3 98.Rd2 Re3
99.Rg2 Ra3 100.Re2 Be3 101.Kd1 Kd4 102.Rc2 Ra8 103.Ke2 Rf8 104.Kd1 Ke4 105.Ke2 Bd4
106.Rd2 Rh8 107.Rc2 Rh3 108.Rd2 Be5 109.Rc2 Bc3 110.Kd1 Kd3 111.Rd2+ Bxd2  1/2-1/2

[Event "ch-GBR"]
[Site "Millfield ENG"]
[Date "2000.08.07"]
[Round "7"]
[White "Lalic,B"]
[Black "McShane,L"]
[Result "1/2-1/2"]
[WhiteElo "2520"]
[BlackElo "2480"]

1.d4 Nf6 2.c4 g6 3.Nc3 Bg7 4.e4 d6 5.Be2 O-O 6.Bg5 Na6 7.f4 c6 8.Nf3 Bg4
9.Qd2 Nc7 10.h3 Bxf3 11.Bxf3 Nd7 12.f5 c5 13.dxc5 Nxc5 14.h4 Qd7 15.O-O Rae8
16.Rad1 Na4 17.Nxa4 Qxa4 18.b3 Qa3 19.f6 Bxf6 20.Bxf6 exf6 21.Qxd6 Qxd6 22.Rxd6 Ne6
23.b4 Rd8 24.Rfd1 Rxd6 25.Rxd6 Rd8 26.Rxd8+ Nxd8 27.c5 Kf8  1/2-1/2

[Event "ch-GBR"]
[Site "Millfield ENG"]
[Date "2000.08.09"]
[Round "9"]
[White "Knott,S"]
[Black "McShane,L"]
[Result "1/2-1/2"]
[WhiteElo "2381"]
[BlackElo "2480"]

1.Nf3 Nf6 2.c4 g6 3.Nc3 Bg7 4.d4 O-O 5.e4 d6 6.Be2 e5 7.O-O Nc6 8.d5 Ne7
9.Ne1 Ne8 10.a4 f5 11.a5 fxe4 12.Nxe4 Nf5 13.Bg5 Qd7 14.Nc2 h6 15.Bd2 Qe7
16.a6 bxa6 17.Nb4 Nf6 18.Nc6 Qf7 19.Bd3 Nd4 20.Nxd4 exd4 21.Nxf6+ Qxf6 22.Qc2  1/2-1/2

[Event "Abihome Open"]
[Site "Brussels BEL"]
[Date "2000.10.07"]
[Round "2"]
[White "Claesen,J"]
[Black "McShane,L"]
[Result "0-1"]
[WhiteElo "2253"]
[BlackElo "2480"]

1.e4 c5 2.Nc3 Nc6 3.g3 g6 4.Bg2 Bg7 5.d3 Rb8 6.f4 d6 7.Nf3 b5 8.a3 e6 9.O-O Nge7
10.Be3 Nd4 11.Qd2 O-O 12.b4 Bb7 13.Rab1 a6 14.Ne2 Nxf3+ 15.Bxf3 Rc8 16.c3 Qc7
17.Rbc1 c4 18.d4 f5 19.Qc2 Bc6 20.g4 fxe4 21.Bxe4 Nd5 22.Bd2 Nf6 23.Bxc6 Qxc6
24.h3 Ne4 25.Rce1 e5 26.dxe5 dxe5 27.fxe5 Bxe5 28.Nd4 Bxd4+ 29.cxd4 Ng3  0-1

[Event "Abihome Open"]
[Site "Brussels BEL"]
[Date "2000.10.07"]
[Round "3"]
[White "McShane,L"]
[Black "Delemarre,J"]
[Result "0-1"]
[WhiteElo "2480"]
[BlackElo "2347"]

1.e4 d6 2.d4 g6 3.Nf3 Bg7 4.c3 Nf6 5.Bd3 O-O 6.O-O c5 7.h3 a6 8.Be3 Nbd7
9.a4 b6 10.d5 Bb7 11.Nbd2 e6 12.dxe6 fxe6 13.Bg5 Qc7 14.e5 dxe5 15.Re1 Nd5
16.Be4 c4 17.h4 Nc5 18.h5 gxh5 19.Qc2 h6 20.Bh7+ Kh8 21.Be3 Nxe3 22.Rxe3 Bf6
23.Bg6 Kg7 24.Bxh5 Nd3 25.Rxd3 cxd3 26.Qxd3 Rad8 27.Qe2 Rxd2 28.Qxd2 e4 29.Ne1 Rd8
30.Qe2 Qe5 31.Bg4 Qg5 32.Bxe6 Rd2 33.Qg4 Rxb2 34.Rd1 Qxg4 35.Bxg4 Bxc3 36.Kf1 Bc6
37.Rd8 Kf7 38.g3 Bxa4 39.Ng2 Rb1+ 40.Ke2 Rg1 41.Nf4 Re1+  0-1

[Event "Abihome Open"]
[Site "Brussels BEL"]
[Date "2000.10.07"]
[Round "5"]
[White "McShane,L"]
[Black "Pedersen,D"]
[Result "1-0"]
[WhiteElo "2480"]
[BlackElo "2324"]

1.e4 e5 2.Nf3 Nc6 3.Bb5 a6 4.Ba4 Nf6 5.O-O Be7 6.Re1 b5 7.Bb3 O-O 8.d4 Nxd4
9.Nxd4 exd4 10.e5 Ne8 11.c3 dxc3 12.Nxc3 d6 13.Qf3 Rb8 14.Bf4 dxe5 15.Bxe5 Bb7
16.Qh5 Bf6 17.Rad1 Qc8 18.Rd3 Bxe5 19.Rxe5 Nf6 20.Qg5 Qg4 21.Qxg4 Nxg4 22.Re7 c5
23.Rdd7 c4 24.Bxc4 bxc4 25.Rxb7 g6 26.h3 Nh6 27.g4 Kg7 28.Ne4 Rfe8 29.Nd6 Rxe7
30.Rxb8 f6 31.Nxc4 Nf7 32.Rb6 Re4 33.Nd2 Re2 34.Nf3 a5 35.Kf1 Rc2 36.Nd4 Rc1+
37.Kg2 Ne5 38.Ne6+ Kh6 39.Rb5 Nd3 40.Rxa5 Rc2 41.Kg3 Rxf2 42.h4 Rxb2 43.g5+ fxg5
44.hxg5+ Kh5 45.Ng7+  1-0

[Event "Abihome Open"]
[Site "Brussels BEL"]
[Date "2000.10.08"]
[Round "7"]
[White "McShane,L"]
[Black "Michiels,B"]
[Result "1-0"]
[WhiteElo "2480"]
[BlackElo "2055"]

1.e4 c5 2.Nf3 Nc6 3.Bb5 Nf6 4.Nc3 Nd4 5.Ba4 Qc7 6.O-O a6 7.d3 b5 8.Bb3 d6
9.Nxd4 cxd4 10.Ne2 e5 11.a4 Bb7 12.f4 Be7 13.axb5 axb5 14.Rxa8+ Bxa8 15.Ng3 O-O
16.Nf5 Bd8 17.Qf3 Ne8 18.Qg4 Bf6 19.Rf3 Bb7 20.fxe5 dxe5 21.Bg5 Bxg5 22.Qxg5 Kh8
23.Rh3 f6 24.Rxh7+  1-0

[Event "Abihome Open"]
[Site "Brussels BEL"]
[Date "2000.10.08"]
[Round "8"]
[White "Van den Doel,E"]
[Black "McShane,L"]
[Result "1-0"]
[WhiteElo "2547"]
[BlackElo "2480"]

1.e4 c5 2.Nf3 e6 3.d4 cxd4 4.Nxd4 Nf6 5.Nc3 Qb6 6.e5 Bc5 7.exf6 Bxd4 8.fxg7 Bxg7
9.Qg4 Bd4 10.Qg3 Nc6 11.Nb5 Be5 12.Bf4 Qc5 13.Bxe5 Nxe5 14.O-O-O f6 15.Qg7 Nf7
16.Nd6+ Nxd6 17.Qxh8+ Ke7 18.Qxh7+ Nf7 19.Be2 Qg5+ 20.Kb1 Kf8 21.Bh5 Nh6
22.Qh8+ Ke7  1-0

[Event "Abihome Open"]
[Site "Brussels BEL"]
[Date "2000.10.08"]
[Round "9"]
[White "McShane,L"]
[Black "Bekker Jensen,S"]
[Result "1-0"]
[WhiteElo "2480"]
[BlackElo "2388"]

1.e4 c5 2.Nf3 d6 3.Bc4 Nf6 4.d3 e6 5.Bb3 Be7 6.c3 b6 7.O-O Bb7 8.Re1 Nbd7
9.Nbd2 Ne5 10.Nf1 O-O 11.Ng3 Rc8 12.Qe2 b5 13.Bc2 b4 14.Nd2 Ng6 15.cxb4 cxb4
16.Ndf1 d5 17.Bb3 Bd6 18.Be3 Ba6 19.Qd2 dxe4 20.dxe4 Be5 21.Qxb4 Bxb2 22.Rad1 Qc7
23.Qa4 Qc6 24.Qxc6 Rxc6 25.Bxa7 Bc3 26.Rc1 Rfc8 27.Red1 Ne5 28.Be3 Nd3 29.Rb1 Nb2
30.Rdc1 Nd3 31.Rd1 Nb2 32.Rdc1 Nd3 33.Rc2 Nb4 34.Rxc3 Rxc3 35.Bd2 Bd3 36.Bxc3 Rxc3
37.Rd1 h6 38.f3 Nd7 39.Kf2 Nc5 40.Nd2 Nxb3 41.axb3 Bc2 42.Ra1 Bxb3 43.Ra3 Rc2
44.Rxb3 Rxd2+ 45.Ke3 Rxg2 46.Rxb4 Rxh2  1-0

[Event "Bundesliga 2000-1"]
[Site "Solingen GER"]
[Date "2000.10.14"]
[Round "1"]
[White "Kotter,R"]
[Black "McShane,L"]
[Result "0-1"]
[WhiteElo "2369"]
[BlackElo "2480"]

1.e4 c5 2.Nf3 Nc6 3.Bb5 g6 4.O-O Bg7 5.Bxc6 dxc6 6.d3 Nf6 7.Nc3 O-O 8.Be3 b6
9.h3 Ne8 10.Qd2 e5 11.a3 Nc7 12.Bh6 Qd6 13.Bxg7 Kxg7 14.b4 cxb4 15.axb4 Qxb4
16.Rfb1 Qd6 17.Nd1 Be6 18.Ne3 Rfd8 19.Ng4 Bxg4 20.hxg4 Ne6 21.g3 Rh8 22.Kg2 h5
23.gxh5 Rxh5 24.Rxb6 Qd7 25.Ng1 Rah8 26.Rba6 Nd4 27.Rxa7 Qe6 28.c3 Nb3 29.Qa2 Rh1
30.Rb1 R8h2+ 31.Kf3 Qf6+ 32.Ke3 Qg5+ 33.Kf3 Nd2+ 34.Ke2 Rxf2+ 35.Kxf2 Rh2+
36.Ke1 Qxg3+ 37.Kd1 Qxg1+  0-1

[Event "Bundesliga 2000-1"]
[Site "Solingen GER"]
[Date "2000.10.15"]
[Round "2"]
[White "McShane,L"]
[Black "Jussupow,A"]
[Result "1/2-1/2"]
[WhiteElo "2480"]
[BlackElo "2610"]

1.e4 e5 2.Nf3 Nf6 3.d4 Nxe4 4.Bd3 d5 5.Nxe5 Nd7 6.Nxd7 Bxd7 7.O-O Bd6 8.Nc3 Nxc3
9.bxc3 O-O 10.Rb1 b6 11.Qh5 g6 12.Qh6 Re8 13.Bg5 Be7 14.h4 Bxg5 15.hxg5 c5
16.dxc5 bxc5 17.Bb5 Rb8 18.Bxd7 Qxd7 19.Rbd1 c4 20.Rd4 Re4 21.Rfd1 Rbe8 22.Qh3 Re1+
23.Kh2 Qxh3+ 24.gxh3 Rxd1 25.Rxd1 Re2 26.Kg2 Rxc2 27.Rxd5 Rxc3 28.Ra5 Rd3
29.Rxa7 Rd5 30.Rc7 Rxg5+ 31.Kf3 Ra5 32.Rxc4 Rxa2 33.Kg3 Ra3+ 34.Kg2 Ra7 35.Rb4 Kg7
36.Rc4 f5 37.h4 Kh6 38.Kg3 Kh5 39.f3 Ra3 40.Rb4 h6 41.Rf4 Rb3 42.Kh3 Rb5
43.Ra4 g5 44.hxg5 hxg5 45.Ra8 Rb3 46.Rh8+ Kg6 47.Kg2 Kf6 48.Rg8 Rb2+ 49.Kg3 f4+
50.Kh3 Rb1 51.Kg2 Kf5 52.Rf8+ Ke5 53.Re8+ Kf5 54.Rf8+ Kg6 55.Rg8+ Kf6 56.Kh2 Rb3
57.Kg2 Ra3 58.Rf8+ Ke5 59.Rg8 Ra2+ 60.Kh3 Kd4 61.Rxg5 Ke3 62.Rb5 Kxf3 63.Rb3+ Ke4
64.Rb4+  1/2-1/2

[Event "22nd Open"]
[Site "Arco ITA"]
[Date "2000.10.21"]
[Round "1"]
[White "McShane,L"]
[Black "Obran,H"]
[Result "1-0"]
[WhiteElo "2480"]
[BlackElo "2133"]

1.e4 c6 2.d4 d5 3.Nd2 dxe4 4.Nxe4 Nf6 5.Nxf6+ gxf6 6.Bf4 Bf5 7.Nf3 e6 8.Bd3 h5
9.Bxf5 Qa5+ 10.Qd2 Qxf5 11.O-O-O Qd5 12.Kb1 a5 13.Qd3 b5 14.Nd2 Na6 15.Ne4 Be7
16.a3 Rg8 17.g3 a4 18.Nc3 Qd7 19.Qh7 Rf8 20.Ne4 b4 21.Nc5 Qd5 22.Nxa6 Rxa6
23.axb4 Bxb4 24.Qd3 Rb6 25.c4 Qd7 26.Bh6 Qb7 27.c5 Rb5 28.Bxf8 Kxf8 29.Ka2 Ba5
30.Qc2 f5 31.Rd3 Rb4 32.Rhd1 Bd8 33.Rc3 Qb5 34.Rd2 Bf6 35.Qd3 Qa5 36.Qe3 Qd8
37.Qf3 Rxd4 38.Rxd4 Qxd4 39.Rc2 Qb4 40.Qxc6 Qb3+ 41.Kb1 Bd4 42.Qd6+  1-0

[Event "22nd Open"]
[Site "Arco ITA"]
[Date "2000.10.22"]
[Round "2"]
[White "Trauth,M"]
[Black "McShane,L"]
[Result "0-1"]
[WhiteElo "2221"]
[BlackElo "2480"]

1.Nf3 g6 2.c4 Bg7 3.g3 b6 4.Bg2 Bb7 5.O-O d6 6.Nc3 e6 7.d3 Ne7 8.e4 Nd7 9.Be3 h6
10.Qd2 g5 11.h4 gxh4 12.Nxh4 Ne5 13.Qe2 h5 14.d4 Ng4 15.Bf3 Nc6 16.Bxg4 hxg4
17.Qxg4 Bf6 18.Nf3 e5 19.Nd5 Bc8 20.Qg5 Bxg5 21.Bxg5 Bg4 22.Bxd8 Bxf3 23.Bh4 Kd7
24.dxe5 Nxe5 25.Rfe1 c6 26.Nf4 Rag8 27.Kf1 Rg4 28.Ng2 Bxg2+ 29.Kxg2 Rhxh4
30.f4 Nxc4 31.b3 Rg7 32.bxc4 Rxf4 33.Rad1 Rfg4 34.Rd3 Ke6 35.Red1 Ke5 36.Rxd6 Rxg3+
37.Kf1 Rg1+ 38.Kf2 R7g2+ 39.Kf3 Rxd1  0-1

[Event "22nd Open"]
[Site "Arco ITA"]
[Date "2000.10.24"]
[Round "4"]
[White "Bagaturov,G"]
[Black "McShane,L"]
[Result "1/2-1/2"]
[WhiteElo "2501"]
[BlackElo "2480"]

1.d4 b6 2.e4 Bb7 3.Bd3 e6 4.Nf3 d6 5.O-O Nd7 6.c4 g6 7.Nc3 Bg7 8.Be3 Ne7
9.Rc1 c5 10.Qd2 O-O 11.Rfd1 Qb8 12.Bb1 Rd8 13.dxc5 dxc5 14.Bg5 f6 15.Bf4 Ne5
16.Bxe5 Rxd2 17.Bxb8 Rxd1+ 18.Rxd1 Rxb8 19.Rd7 Bf8 20.Bc2 a6 21.Ba4 Kf7 22.Kf1 Bh6
23.Rd1 g5 24.h3 Bf8 25.Rd7 h6 26.Ke2 Ba8 27.g3 Bg7 28.g4 Bb7 29.h4 Bf8 30.Ke3 h5
31.hxg5 hxg4 32.gxf6 Bh6+ 33.Kd3 Kxf6 34.e5+ Kf7 35.Nh2 Bf4 36.Nxg4 Bf3 37.Nf6 Bxe5
38.Nfe4 Bxe4+ 39.Kxe4 Bxc3 40.bxc3 b5 41.cxb5 axb5 42.Bb3 Kf6 43.Rd6 c4 44.Bd1 Nd5
45.Kd4 Ke7 46.Ke5 Nxc3 47.Rxe6+ Kf8 48.Bc2 Nxa2 49.Rf6+ Ke7 50.Ra6 Nb4 51.Ra7+ Kf8
52.Be4 Rd8 53.Kf6 Rd6+ 54.Ke5 Rh6 55.Rb7 c3 56.Rc7 c2 57.Bxc2 Rc6  1/2-1/2

[Event "22nd Open"]
[Site "Arco ITA"]
[Date "2000.10.25"]
[Round "5"]
[White "McShane,L"]
[Black "Tomescu,V"]
[Result "1/2-1/2"]
[WhiteElo "2480"]
[BlackElo "2432"]

1.e4 c5 2.Nf3 Nc6 3.Bb5 e6 4.Bxc6 bxc6 5.d3 Ne7 6.Nh4 Ng6 7.Nxg6 hxg6 8.e5 c4
9.Bf4 Qb6 10.Nd2 cxd3 11.O-O Qxb2 12.c4 g5 13.Rb1 Qc2 14.Bxg5 Qxd1 15.Rfxd1 Ba6
16.Rb3 d5 17.exd6 Bxd6 18.h3 f6 19.Be3 Ke7 20.Rxd3 Rhd8 21.Nb3 Be5 22.Na5 Rxd3
23.Rxd3 Ke8 24.Nxc6 Bxc4 25.Nxe5 fxe5 26.Rd2 a6 27.a4 Rd8 28.Rc2 Rc8 29.Rb2 Bd5
30.Rb6 Rc6 31.Rxc6 Bxc6 32.a5 Kf7 33.h4  1/2-1/2

[Event "22nd Open"]
[Site "Arco ITA"]
[Date "2000.10.26"]
[Round "6"]
[White "Gofshtein,L"]
[Black "McShane,L"]
[Result "0-1"]
[WhiteElo "2561"]
[BlackElo "2480"]

1.d4 b6 2.e4 Bb7 3.Bd3 e6 4.Nf3 g6 5.Bg5 Be7 6.h4 d6 7.Nbd2 Nc6 8.c3 Nf6
9.Qe2 Nd7 10.Bh6 Bf8 11.Bg5 Be7 12.Nc4 h6 13.Bf4 Bf6 14.h5 g5 15.Bg3 Qe7
16.Ne3 Bg7 17.O-O-O O-O-O 18.Nd2 Qf8 19.Ndc4 Kb8 20.Qc2 Qe7 21.f3 Rc8 22.Bh2 Rhd8
23.g4 a6 24.Be2 b5 25.d5 Nce5 26.Na5 c5 27.a4 c4 28.axb5 axb5 29.Kd2 Nc5
30.Ke1 Qc7 31.Ra1 Qb6 32.Bg1 Kc7 33.b4 cxb3 34.Nxb3 Kd7 35.Rb1 Ke8 36.Nd4 Ba6
37.Kf1 Qa5 38.Kg2 Ncd3 39.dxe6 Rxc3 40.exf7+ Kxf7 41.Qd2 Nf4+ 42.Kg3 b4 43.Bxa6 Qxa6
44.Nef5 Nc4 45.Qd1 Be5 46.Ra1 Ra3 47.Bf2 Ra8 48.Rxa3 bxa3 49.Qb3 d5 50.exd5 Rb8
51.Qd1 Rb2 52.Nc6 Nxh5+ 53.Kg2 Nf4+ 54.Kg1 a2 55.Nxe5+ Nxe5 56.Nxh6+ Ke8
57.Nf5 a1=Q  0-1

[Event "22nd Open"]
[Site "Arco ITA"]
[Date "2000.10.27"]
[Round "7"]
[White "Tukmakov,V"]
[Black "McShane,L"]
[Result "1-0"]
[WhiteElo "2582"]
[BlackElo "2480"]

1.d4 b6 2.e4 Bb7 3.Bd3 e6 4.Nf3 g6 5.Bg5 Qc8 6.Nbd2 d6 7.O-O Bg7 8.c3 Nd7
9.Re1 h6 10.Bh4 Ne7 11.d5 e5 12.b4 g5 13.Bg3 f5 14.exf5 Bxd5 15.Nc4 Nf6 16.Ne3 Bf7
17.h4 e4 18.Bb5+ c6 19.Bf1 d5 20.Nd4 O-O 21.hxg5 hxg5 22.c4 c5 23.bxc5 bxc5
24.Nb5 d4 25.Nd6 Qd7 26.Ng4 Nxf5 27.Nxf6+ Bxf6 28.Nxe4 Bg6 29.Qg4 Qc6 30.Nxg5 Ng7
31.Ne4 Bf5 32.Qf4 d3 33.Rad1 Bd4 34.Bxd3 Rae8 35.Qh4 Re6 36.Re2 Rh6 37.Qf4 Qg6
38.Bh4 Bg4 39.Nf6+ Rxf6 40.Bxf6 Qh5 41.Qb8+ Kf7 42.Qc7+  1-0